| 000 | 00365nam a2200145 a 4500 | ||
|---|---|---|---|
| 001 | 2582 | ||
| 003 | CDMR | ||
| 005 | 20130319115616.0 | ||
| 008 | 130130s ||||||||||||||||||||||||||||d | ||
| 040 |
_aCDMR _bcat _cCPC LLEIDA |
||
| 100 | 1 |
_aMelgosa, Llorenç _91937 |
|
| 245 | 1 | 0 |
_aLleida, retrat en color _cMELGOSA, Llorenç |
| 260 |
_aLleida _bLa Clamor |
||
| 942 |
_cMON _2udc |
||
| 999 |
_c2582 _d2582 |
||